| 000 | 00943nam a2200217 i 4500 | ||
|---|---|---|---|
| 001 | 126547 | ||
| 003 | ES-MaACL | ||
| 005 | 20230906192835.0 | ||
| 007 | t| | ||
| 008 | 070214s1985 sp a |||| | spa d | ||
| 020 | _a84-7191-353-4 | ||
| 111 | 2 |
_aReunión de Estudios Regionales ( _n9ª. _d1983. _cSantiago de Compostela) _9135194 |
|
| 245 | 1 | 0 |
_aCrisis, autonomías y desarrollo regional / _cIX Reunión de Estudios Regionales = IX Reunion de Estudos Rexionais ; [organizada por la] Asociación Galega de Ciencia Rexional. |
| 260 |
_aSantiago de Compostela : _bUniversidad, _c1985. |
||
| 300 |
_a3 v. : _bil. ; _c24 cm. |
||
| 650 | 4 |
_aOrdenación del territorio- _zEspaña- _vCongresos y asambleas. _9169230 |
|
| 650 | 4 |
_aDesarrollo regional- _zEspaña- _vCongresos y asambleas. _9169228 |
|
| 651 | 4 |
_aEspaña- _xPolítica económica- _y1975- _98409 |
|
| 710 | 2 |
_aAsociación Galega de Ciencia Rexional. _91710 |
|
| 852 |
_aES-MaACL _jL-8130-32 |
||
| 999 |
_c126547 _d126547 |
||